Statistics for Geography of the German Empire

Click here to take the quiz!

General Stats

  • This quiz has been taken 73 times
  • The average score is 13 of 20

Answer Stats

QuestionAnswer% Correct
What was the only country with a larger economy than that of Germany's by the year 1900?United States
91%
Which was the largest and most populous of the German states that united together?Prussia
89%
By other what name was the Imperial Germany known as?Second {Reich}
87%
What country seized German possessions in the north Pacific after World War I?Japan
86%
Which modern-day countries were mostly part of the German East Africa?Tanzania
84%
In what modern-day country did the German Empire commit a genocide against
Herero and Namaqua peoples?
Namibia
79%
Which modern-day countries were mostly part of the German East Africa?Rwanda
76%
What major Pacific island was once divided between Germany, the Netherlands and the UK?New Guinea
71%
What German colony in Central Africa was seized by the UK and France?Kamerun
70%
Which modern-day countries were mostly part of the German East Africa?Burundi
69%
What semi-autonomous German city-state was established in modern-day Poland after WWI?Danzig
66%
By what name was the modern-day Russian Oblast of Kaliningrad known
as during its German rule?
Königsberg
61%
What territory was created in 1871, after it was annexed from France, as a result
of the the Franco-Prussian War?
Alsace-Lorraine
61%
From what country did Germany buy most of its possessions in the north Pacific by 1899?Spain
59%
What canal, that connects the Baltic and North Seas to each other, was completed in 1895?{Kiel} Canal
53%
What city in China was seized from the Qing dynasty in 1897?Tsingtao
49%
What was the only south German state that did not join North German Confederation?Austria
47%
What is the most populous modern-day urban area that once was completely
in control of the German Empire?
Dar es Salaam
46%
What was the name of Togo when it was under German rule?Togoland
44%
What is that city now famous for, thanks to its German colonial history?Beer
43%

Score Distribution

Percentile by Number Answered

Percent of People with Each Score

Your Score History

You have not taken this quiz